000 00349nam a2200133Ia 4500
008 240624s9999 xx 000 0 und d
041 _aeng
082 _a658.155 COY
100 _aCOYLE BRIAN
245 _aFRAMEWORK FOR CREDIT RISK MANAGEMENT
260 _c2000
_aUnited Kingdom
_bCIB Publishing
300 _a137 : p. : cm. ; 23
365 _cRS
_b25
999 _c23562
_d23562